Ведьмак Квиз - Statistics

General Stats
  • This quiz has been taken 18 times
  • The average score is 6 of 15
Answer Stats
Намекать Answer % Correct
Медичка, окончила Оксенфуртский университет Шани
82%
Как звали предводителя скоятаэелей в ведьмак 2 Йорвет
65%
Лучший серебрянный меч в игре Ведьмак 3 Арондит
59%
В каком городе геральт убил Ренфри? Блавикен
53%
На какой реке стоит Новиград Понтар
53%
Учил троллей ругаться матом Таллер
47%
Что держал геральт у себя в штанах? два хера
41%
Какого короля убивают во второй части первым? Демавенд
35%
Как звали банду, в которую попала Цири? Крысы
35%
Что ломается, если мягко оттолкнуть человека нога
29%
нильфгаардец, который и не нильфгаардец Кагыр
24%
Кто устроил Бурю в которой погибли Дани и Паветта Вильгефорц
24%
Какой предмет необходим для того чтобы Сиана выжила красная ленточка
24%
Самый умный альтруист Золтан
18%
Кто создал иллюзию тысячи сказок? Артуриус Виго
12%
No matching quizzes found
Score Distribution
Percent of People with Each Score
Percentile by Number Answered
Your Score History
You have not taken this quiz